000 00471nam a2200145Ia 4500
008 230411s9999 xx 000 0 und d
020 _a978-93-5270-367-8
041 _aeng
082 _aS/617.917/AGR/B09358
100 _aAgrawal Ajay Agrawal Neelabh & Agrawal Sneha
_9180069
245 _aPractical Guide to Surgical Instruments X rays and Operative Interventions
260 _bJaypee Brothers
_aNew Delhi
_c2018
300 _a156p
999 _c158519
_d158519